Ha! Ha! Among the trumpets : poems in transit /

Sparad:
Bibliografiska uppgifter
Huvudupphovsman: Lewis, Alun, 1915-1944
Materialtyp: Bok
Språk:English
Publicerad: London : Allen & Unwin, 1945.
Ämnen:
LEADER 00942nam a2200241 a 4500
001 c000365431
003 CARM
005 00000000000000.0
008 810321s1945 enkc 00010 eng d
019 1 |a 6112376  |z 4162388  |z 47779662  |5 LACONCORD2021 
035 |a (OCoLC)771355  |5 LACONCORD2021 
040 |d AAWM 
100 1 |a Lewis, Alun,  |d 1915-1944. 
245 1 0 |a Ha! Ha! Among the trumpets :  |b poems in transit /  |c by Alun Lewis ; foreword by Robert Graves. 
260 |a London :  |b Allen & Unwin,  |c 1945. 
300 |a 75 p. :  |b port. ;  |c 19 cm. 
500 |a Review: Times Lit. Sup., 11 Aug. 1945, p. 378. 
650 0 |a World War, 1939-1945  |x Poetry. 
650 0 |a War poetry, English. 
852 8 |b CARM  |h A1:AL27A0  |i A05386  |p 0488976  |f BK 
082 0 4 |a 821.912  |2 20 
999 f f |i 5821f550-92a5-5c94-8a96-b85975f9d9bf  |s 92044c3e-e458-5a34-9dc7-0d2f00f2ed03 
952 f f |p Can circulate  |a CAVAL  |b CAVAL  |c CAVAL  |d CARM 1 Store  |e A05386  |f A1:AL27A0  |h Other scheme  |i book  |m 0488976